00532nam a2200169Ia 4500003000900000008004100009020001800050040001600068080001600084110002800100245011800128250001300246260004400259300001100303650002900314650001900343IN-BaIIA211028s9999 xx 000 0 eng d a0-85229-413-1 cIIA Library a031bEBR-10 aEncyclopedia Britannica 4aThe New Encyclopaedia Britannica in 30 Volumesbvol. 10, macropaedia, knowledge in depthcEncyclopedia Britannica a35th ed. aChicagobEncyclopaedia Britannicac1984 a1287p. aEncyclopedia-Macropaedia aNASA Thesaurus